| 000 | 01312cam a22003617a 4500 | ||
|---|---|---|---|
| 001 | 16588710 | ||
| 003 | OSt | ||
| 005 | 20240215103306.0 | ||
| 008 | 101223s2010 enka 001 0 eng d | ||
| 010 | _a 2010537326 | ||
| 015 |
_aGBB099507 _2bnb |
||
| 016 | 7 |
_a015630763 _2Uk |
|
| 020 | _a9780714857480 | ||
| 020 | _a0714857483 | ||
| 035 | _a(OCoLC)ocn601001346 | ||
| 040 |
_aBTCTA _beng _cBTCTA _dYDXCP _dKNJ _dUKM _dFLL _dDLC |
||
| 042 | _alccopycat | ||
| 050 | 0 | 0 |
_aNA997.P37 _bM66 2010 |
| 082 | 0 | 0 |
_a720.92 _222 _bMOR |
| 100 | 1 |
_aMorris, Alison. _9120475 |
|
| 245 | 1 | 0 |
_aJohn Pawson plain space / _bAlison Morris. |
| 246 | 3 | 0 | _aPlain space |
| 260 |
_aLondon ; _aNew York : _bPhaidon, _c2010. |
||
| 300 |
_a242 p. : _bill. (some col.) ; _c30 cm. |
||
| 500 | _aIncludes index. | ||
| 600 | 1 | 0 |
_aPawson, John, _d1949- _xCriticism and interpretation. _9120470 |
| 650 | 0 |
_aArchitectural criticism. _932489 |
|
| 856 | 4 | 2 |
_3Contributor biographical information _uhttp://www.loc.gov/catdir/enhancements/fy1107/2010537326-b.html |
| 856 | 4 | 2 |
_3Publisher description _uhttp://www.loc.gov/catdir/enhancements/fy1107/2010537326-d.html |
| 906 |
_a7 _bcbc _ccopycat _d2 _encip _f20 _gy-gencatlg |
||
| 942 |
_2ddc _cBK _aSADA _k720.92 MOR 2010 |
||
| 999 |
_c607746 _d607746 |
||